Budgetary convergence in the WAEMU adjustment trough revenue or expenditure?

Saved in:
Bibliographic Details
Main Author: Doré, Ousmane
Other Authors: Nachega, Jean-Claude
Format: Book
Language:English
Published: Washington International Monetary Fund 2000
Series:IMF Working Paper WP/00/109
Subjects:
Tags: Add Tag
No Tags, Be the first to tag this record!

MARC

LEADER 00000nam a2200000 4500
001 c124308
005 20221221081719.9
041 0 |a eng 
044 |a US 
245 1 0 |a Budgetary convergence in the WAEMU  |b adjustment trough revenue or expenditure?  |c Ousmane Doré and Jean-Claude Nachega 
264 1 |a Washington  |b International Monetary Fund  |c 2000 
300 |a 31 s. 
490 1 |a IMF Working Paper  |v WP/00/109 
830 0 |a IMF Working Paper  |v WP/00/109 
610 2 0 |a únie menové 
610 2 0 |a Afrika 
610 2 0 |a konvergencia 
610 2 0 |a rozpočty 
610 2 0 |a príjmy 
610 2 0 |a výdavky 
100 1 |a Doré, Ousmane 
700 1 |a Nachega, Jean-Claude